Religion Quiz

Random Religion or Bible Quiz

HCHS/HCMS Bible Quiz 1 (Old Testament Books) Stats

 Plays Quiz not verified by Sporcle

Score 0/33 Timer 10:00
0 Plays Today
Hint Answer % Correct
Longest book in the Bible containing 150 songs/many were written by David/longest chapter in the Bible is the 119th chapter of this bookPsalms
90.4%
Contains the accounts of Abraham, Isaac, Jacob, Joseph, Noah, Cain, Abel, Adam & EveGenesis
88.5%
The account of Moses and the departure of the Israelites from EgyptExodus
88.5%
5th book of the Bible which contains Moses' farewell addressDeuteronomy
84.6%
4th book of the Bible which contains accounts of Korah's rebellion and the refusal of Israelites to enter the Promised LandNumbers
82.7%
Interpreted Nebuchadnezzar's dream and Belshazzar's vision of a hand writing on a wall/survived the lion's denDaniel
82.7%
3rd book of Bible which contains laws about marriage, ritual cleanliness, and laws regarding the priests and sacrificesLeviticus
80.8%
Moabite girl who left her people to stay with her mother-in-law upon the death of her husbandRuth
78.8%
Sent to Ninevah but took a detour through the Mediterranean and the belly of a whaleJonah
78.8%
Man known for his great suffering which was allowed by God to prove a point to SatanJob
76.9%
Book of wisdom which is comprised mainly of short sayings mostly attributed to Solomon intended to impart wisdomProverbs
76.9%
Number of books in Jewish or Protestant Old Testament39
74.4%
Old testament book which expresses the love between a bride and groom/also title of Toni Morrison workSong of Solomon (or Song of Songs)
73.1%
Title given to the 4 prophets who wrote the longest booksMajor prophets
73.1%
Number of books in Eastern & Oriental Orthodox Old Testament49
72.1%
Shepherd who became a prophet (not King David)/'But let justice roll down as waters, and righteousness as a mighty stream.' quoted by Martin Luther King JrAmos
72.1%
1st judge of Israel/1st book not written by MosesJoshua
71.2%
Hint Answer % Correct
Number of books in Catholic Old Testament46
69.8%
Book of wisdom in which instruction is given by 'The Preacher' (actually Solomon)/includes 'there is a time to be born and a time to die, a time to plant and a time to uproot...'Ecclesiastes
69.2%
Portion of Old Testament beginning with Hosea and ending with the last book of the Old TestamentMinor prophets
69.2%
Joshua was the 1st/Samuel was the last/included Barak, Deborah, Samson, and GideonJudge
67.3%
Girl who became wife of the King Ahasuerus of Persia (Xerxes I)/was raised by her uncle MordecaiEsther
65.4%
Greek translation of the Old Testament used in the time of Jesus/means 70 referring to 70 Jewish elders who translated itSeptuagint
65.1%
Weeping prophet/wrote namesake book and LamentationsJeremiah
63.5%
Last book of the Old TestamentMalachi
63.5%
Priest who was spiritual leader at the 1st rebuilding of Solomon's Temple/traditionally held to have compiled the entire Old Testament into its present formEzra
55.8%
Major prophet who foretold of the Messiah and the Babylonian Captivity but did not live to see it/portions used as libretto for Handel's MessiahIsaiah
53.8%
Considered canon by Catholic & Orthodox churches but not Protestants/include 1 & 2 Esdras, Tobit, Judith, 1 & 2 Maccabees, Bel & the Dragon, Story of Susanna, BaruchApocrypha
53.5%
2nd book written by Jeremiah the prophet regarding the fall of JerusalemLamentations
50%
Prophet during Babylonian Captivity who saw 'a wheel within a wheel' and had visions by the river ChebarEzekiel
50%
1st of the books of the minor prophets/married a prostitute at God's command as an illustration of the Jew's unfaithfulness to HimHosea
48.8%
Jewish leader who rebuilt the wall around JerusalemNehemiah
48.1%
Penultimate (2nd to last) book of the Old TestamentZechariah
44.2%
Remove Ads.
Support Sporcle.
Get the best of Sporcle when you Go Orange. This ad-free experience offers more features, more stats, and more fun while also helping to support Sporcle. Thank you for becoming a member.

You're not logged in!

Compare scores with friends on all Sporcle quizzes.
OR
Log In

Sporcle TV

Today on Sporcle TV


Watch our educational content, quiz creation guides, and fun videos on Sporcle TV.

Show Comments

Extras

Created Sep 26, 2017ReportNominate
Tags:Bible Quiz, Book Quiz, Character

Top Quizzes Today


Score Distribution

Paid Content

Your Account Isn't Verified!

In order to create a playlist on Sporcle, you need to verify the email address you used during registration. Go to your Sporcle Settings to finish the process.

Report this User

Report this user for behavior that violates our Community Guidelines.

Details: